Down by the bay / (Record no. 670)

MARC details
000 -LEADER
fixed length control field 00838nam a22002297a 4500
005 - DATE AND TIME OF LATEST TRANSACTION
control field 20250805091946.0
020 ## - INTERNATIONAL STANDARD BOOK NUMBER
International Standard Book Number 9780021790906
040 ## - CATALOGING SOURCE
Original cataloging agency FISKH
Language of cataloging eng
Transcribing agency FISKH
Modifying agency FISKH
050 ## - LIBRARY OF CONGRESS CALL NUMBER
Classification number PZ8.3
082 ## - DEWEY DECIMAL CLASSIFICATION NUMBER
Classification number 372.4
100 ## - MAIN ENTRY--PERSONAL NAME
Personal name Ancona, George [ Photographer ]
245 ## - TITLE STATEMENT
Title Down by the bay /
Statement of responsibility, etc. photographs by George Ancona ; illustrations by Lori Lohstoeter.
260 ## - PUBLICATION, DISTRIBUTION, ETC.
Place of publication, distribution, etc. New York :
Name of publisher, distributor, etc. Macmillan/McGraw-Hill ;
Date of publication, distribution, etc. 1993.
300 ## - PHYSICAL DESCRIPTION
Extent 32 pages ;
Other physical details photos color illustrations ;
Dimensions 19 x​ 26 cm.
505 ## - FORMATTED CONTENTS NOTE
Formatted contents note D <br/>
520 ## - SUMMARY, ETC.
Summary, etc. In this song, two children imagine their mothers asking, "Did you ever see a goose kissing a moose, a fly wearing a tie, or llamas eating their pajamas down by the bay?"
521 ## - TARGET AUDIENCE NOTE
Target audience note 160 <br/>
Source Lexile estimate <br/>
521 ## - TARGET AUDIENCE NOTE
Target audience note D <br/>
Source Raz-PLus <br/>
650 ## - SUBJECT ADDED ENTRY--TOPICAL TERM
Topical term or geographic name entry element Children's songs.
942 ## - ADDED ENTRY ELEMENTS (KOHA)
Source of classification or shelving scheme Dewey Decimal Classification
Koha item type Books
Suppress in OPAC No
999 ## -
-- 670
-- 670
Holdings
Withdrawn status Lost status Source of classification or shelving scheme Damaged status Not for loan Collection Home library Current library Shelving location Date acquired Total Checkouts Full call number Barcode Date last seen Date last checked out Price effective from Koha item type Copy number
    Dewey Decimal Classification     Juvenile Fiction Footprints International School Library Network Toul Kork Campus Footprints International School Library Network Toul Kork Campus TK Primary Library Room(4th Floor), Bookcase 7, Shelves 57-60, Dark Green Books 06/29/2023 3 ANC Fic PZ8.3 FISBK02120 03/12/2026 01/14/2026 06/29/2023 Books  
    Dewey Decimal Classification     Juvenile Fiction Footprints International School Library Network Toul Tom Poung Campus Footprints International School Library Network Toul Tom Poung Campus TTP Primary Green Bookshelves 08/05/2025   ANC Fic PZ8.3 FISBK02119 08/05/2025   08/05/2025 Books 2